Central Library OPAC University of Rajshahi

Human anatomy and physiology / (Record no. 12347)

MARC details
000 -LEADER
fixed length control field 00864cam a2200277 i 4500
001 - CONTROL NUMBER
control field 12347
003 - CONTROL NUMBER IDENTIFIER
rucl marc code BD-RjUL
005 - DATE AND TIME OF LATEST TRANSACTION
control field 20211208235258.0
008 - FIXED-LENGTH DATA ELEMENTS--GENERAL INFORMATION
fixed length control field 140128s1979 caua b 001 0 eng
020 ## - INTERNATIONAL STANDARD BOOK NUMBER
International Standard Book Number 0805369902
035 ## - SYSTEM CONTROL NUMBER
System control number (BD-RjUL)12396
040 ## - CATALOGING SOURCE
Original cataloging agency DLC
Transcribing agency DLC
Modifying agency BD-RjUL
Language of cataloging eng
041 ## - LANGUAGE CODE
Language code of text/sound track or separate title eng
082 00 - DEWEY DECIMAL CLASSIFICATION NUMBER
Classification number 612
Author mark and year SPH 1979
100 1# - MAIN ENTRY--PERSONAL NAME
Personal name Spence, Alexander P.,
Dates associated with a name 1929-
9 (RLIN) 38347
245 10 - TITLE STATEMENT
Title Human anatomy and physiology /
Statement of responsibility, etc. Alexander P. Spence, Elliott B. Mason.
260 ## - PUBLICATION, DISTRIBUTION, ETC. (IMPRINT)
Place of publication, distribution, etc. Menlo Park, Calif. :
Name of publisher, distributor, etc. Benjamin/Cummings Pub. Co.,
Date of publication, distribution, etc. c1979.
300 ## - PHYSICAL DESCRIPTION
Pagination xxxiii, 820, [71] p. :
Illustrations ill. ;
Size 24 cm.
504 ## - BIBLIOGRAPHY, ETC. NOTE
Bibliography, etc Includes bibliography and index.
650 #0 - SUBJECT ADDED ENTRY--TOPICAL TERM
Topical term or geographic name as entry element Human physiology.
9 (RLIN) 38167
Topical term or geographic name as entry element Human anatomy.
9 (RLIN) 38348
700 1# - ADDED ENTRY--PERSONAL NAME
Personal name Mason, Elliott B.,
Dates associated with a name 1943-
Relator term joint author.
942 ## - ADDED ENTRY ELEMENTS (KOHA)
Source of classification or shelving scheme Dewey Decimal Classification
Koha item type Books
Holdings
Lost status Source of classification or shelving scheme Damaged status Not for loan Collection code Permanent Location Current Location Shelving location Date acquired Source of acquisition Total Checkouts Full call number Date last seen Copy number Koha item type
  Dewey Decimal Classification   Not For Loan Non-fiction Central Library, University of Rajshahi Central Library, University of Rajshahi Reading Room 19/09/1985 Asia Foundation   612 SPH 1979 28/01/2014 C-1 Books